<?xml version="1.0" encoding="UTF-8"?><?xml-stylesheet type="text/xsl" href="static/style.xsl"?><OAI-PMH xmlns="http://www.openarchives.org/OAI/2.0/" xmlns:xsi="http://www.w3.org/2001/XMLSchema-instance" xsi:schemaLocation="http://www.openarchives.org/OAI/2.0/ http://www.openarchives.org/OAI/2.0/OAI-PMH.xsd"><responseDate>2026-04-17T16:00:20Z</responseDate><request verb="GetRecord" identifier="oai:www.recercat.cat:2072/261026" metadataPrefix="marc">https://recercat.cat/oai/request</request><GetRecord><record><header><identifier>oai:recercat.cat:2072/261026</identifier><datestamp>2024-12-21T02:51:36Z</datestamp><setSpec>com_2072_220028</setSpec><setSpec>com_2072_4427</setSpec><setSpec>col_2072_220407</setSpec></header><metadata><record xmlns="http://www.loc.gov/MARC21/slim" xmlns:dcterms="http://purl.org/dc/terms/" xmlns:xsi="http://www.w3.org/2001/XMLSchema-instance" xmlns:doc="http://www.lyncode.com/xoai" xsi:schemaLocation="http://www.loc.gov/MARC21/slim http://www.loc.gov/standards/marcxml/schema/MARC21slim.xsd">
   <leader>00925njm 22002777a 4500</leader>
   <datafield ind2=" " ind1=" " tag="042">
      <subfield code="a">dc</subfield>
   </datafield>
   <datafield ind2=" " ind1=" " tag="720">
      <subfield code="a">Parada López de Corselas, Manuel</subfield>
      <subfield code="e">author</subfield>
   </datafield>
   <datafield ind2=" " ind1=" " tag="260">
      <subfield code="c">2015</subfield>
   </datafield>
   <datafield ind2=" " ind1=" " tag="520">
      <subfield code="a">This work puts forward the idea of the arrival to Hispania of precedents of the so-called ‘Syrian pediment’ –at least in iconography– during the Antonine period from the analysis of two gravestones from Clunia Sulpicia that represent the deceased into a distyle aedicula and a tetrastyle frontispiece, both topped by arched pediment. As a result, these reliefs demonstrate the arrival of the arched pediment long before the ‘Missorium’ of Theodosius I and could be taken as an important datum in the Hispanic architectural iconosphere.</subfield>
   </datafield>
   <datafield ind1="8" ind2=" " tag="024">
      <subfield code="a">Parada López de Corselas, M. (2015) "Sobre la llegada del frontón arcuado a Hispania: dos estelas de Clunia Sulpicia" a Álvarez, J. M.; Nogales, T.; Rodà, I. (eds.), Actas XVIII Congreso Internacional de Arqueología Clásica. Centro y periferia en el mundo clásico (Mèrida, del 13 al 17 de maig de 2013), Museo Nacional de Arte Romano, Mèrida, p. 1631-1634</subfield>
   </datafield>
   <datafield ind1="8" ind2=" " tag="024">
      <subfield code="a">http://hdl.handle.net/2072/261026</subfield>
   </datafield>
   <datafield ind2="0" ind1="0" tag="245">
      <subfield code="a">Sobre la llegada del frontón arcuado a Hispania: dos estelas de Clunia Sulpicia</subfield>
   </datafield>
</record></metadata></record></GetRecord></OAI-PMH>